[Event "GER-chT Seniors 26th"]
[Site "Templin"]
[Date "2017.09.27"]
[Round "3.11"]
[White "Lenk, Wolfgang"]
[Black "Braeuner, Uwe"]
[Result "1/2-1/2"]
[WhiteElo "2179"]
[BlackElo "2176"]
[PlyCount "118"]
[EventDate "2017.09.25"]
[EventType "team-swiss"]
[EventRounds "7"]
[EventCountry "GER"]
[SourceTitle "EXT 2019"]
[Source "ChessBase"]
[SourceDate "2018.10.10"]
[SourceVersion "1"]
[SourceVersionDate "2018.10.10"]
[SourceQuality "1"]
[WhiteTeam "Sachsen"]
[BlackTeam "Wuerttemberg"]
[WhiteTeamCountry "GER"]
[BlackTeamCountry "GER"]

1. e4 c6 2. d4 d5 3. Nc3 dxe4 4. Nxe4 Bf5 5. Ng3 Bg6 6. Nf3 Nd7 7. Bc4 e6 8. Bf4 Ngf6 9. 0-0 Nd5 10. Bg5 Qc7 11. Bb3 b5 12. Qe2 Bd6 13. Ne4 Bxe4 14. Qxe4 0-0 15. Rfe1 h6 16. Bd2 N7f6 17. Qh4 Bf4 18. Rad1 Bxd2 19. Rxd2 Qf4 20. Qxf4 Nxf4 21. Ne5 Rac8 22. c3 Rfd8 23. g3 N4d5 24. Nd3 Kf8 25. f3 Nd7 26. Kf2 N5b6 27. Rde2 c5 28. dxc5 Nxc5 29. Nxc5 Rxc5 30. Re5 Rxe5 31. Rxe5 a6 32. f4 Nd7 33. Re2 Nc5 34. Bc2 Nd3+ 35. Bxd3 Rxd3 36. Rc2 Rd1 37. Ke2 Rh1 38. Kd3 Ke7 39. c4 Kd6 40. c5+ Kc6 41. b4 g5 42. Rf2 gxf4 43. gxf4 Rb1 44. Kc3 Rc1+ 45. Kb3 Rc4 46. f5 a5 47. a3 a4+ 48. Kb2 e5 49. Rd2 e4 50. Re2 Rd4 51. Re3 Rd2+ 52. Kc3 Rf2 53. Kd4 Rxf5 54. Kxe4 Rh5 55. Rf3 Rxh2 56. Rf6+ Kc7 57. Rxf7+ Kc6 58. Rf6+ Kc7 59. Rf7+ Kc6 1/2-1/2

[Event "Baden Wuerttemberg-ch Seniors op 3rd"]
[Site "Freudenstadt"]
[Date "2017.07.07"]
[Round "8"]
[White "Braeuner, Uwe"]
[Black "Walther, Reinhard"]
[Result "1/2-1/2"]
[WhiteElo "2184"]
[BlackElo "1997"]
[PlyCount "106"]
[EventDate "2017.06.30"]
[EventType "swiss"]
[EventRounds "9"]
[EventCountry "GER"]
[SourceTitle "EXT 2019"]
[Source "ChessBase"]
[SourceDate "2018.10.10"]
[SourceVersion "1"]
[SourceVersionDate "2018.10.10"]
[SourceQuality "1"]

1. e4 e5 2. Nf3 d5 3. Nxe5 Bd6 4. d4 dxe4 5. Nc4 Be7 6. Nc3 Nf6 7. Be2 Nc6 8. d5 Nb4 9. Ne3 c6 10. Bc4 cxd5 11. Ncxd5 Nbxd5 12. Nxd5 Be6 13. Nxf6+ gxf6 14. Bb5+ Bd7 15. Bxd7+ Qxd7 16. Qe2 Qc6 17. 0-0 0-0-0 18. Be3 f5 19. a4 Rhg8 20. Qb5 Qg6 21. g3 Bd6 22. Bxa7 f4 23. Qc4+ Bc7 24. a5 Rd6 25. Ra4 Rc6 26. Qxe4 fxg3 27. fxg3 Rxc2 28. Qxg6 Rxg6 29. Rxf7 Rd6 30. Bd4 h5 31. Rf5 h4 32. gxh4 Rg6+ 33. Rg5 Bxh2+ 34. Kh1 Rh6 35. Rc5+ Rxc5 36. Bxc5 Bg3 37. Be7 Re6 38. Bg5 Re2 39. Rc4+ Kd7 40. Bf4 Bxf4 41. Rxf4 Rxb2 42. Rf5 Ke6 43. Rc5 Kf6 44. Kg1 Kg6 45. h5+ Kh6 46. Rd5 b6 47. Rd6+ Kxh5 48. Rxb6 Ra2 49. Rb5+ Kg4 50. Kf1 Kf4 51. Ke1 Ke3 52. Kd1 Kd3 53. Kc1 Kc4 1/2-1/2

[Event "Baden Wuerttemberg-ch Seniors op 3rd"]
[Site "Freudenstadt"]
[Date "2017.07.06"]
[Round "7"]
[White "Seyfried, Claus"]
[Black "Braeuner, Uwe"]
[Result "1/2-1/2"]
[WhiteElo "2136"]
[BlackElo "2184"]
[PlyCount "60"]
[EventDate "2017.06.30"]
[EventType "swiss"]
[EventRounds "9"]
[EventCountry "GER"]
[SourceTitle "EXT 2019"]
[Source "ChessBase"]
[SourceDate "2018.10.10"]
[SourceVersion "1"]
[SourceVersionDate "2018.10.10"]
[SourceQuality "1"]

1. e4 c5 2. c3 e6 3. d4 d5 4. exd5 exd5 5. Nf3 Nc6 6. Be3 cxd4 7. cxd4 Nf6 8. Nc3 Bd6 9. Bd3 Bg4 10. h3 Bh5 11. g4 Bg6 12. Bxg6 hxg6 13. Bg5 Qa5 14. Qb3 Bb4 15. Bxf6 gxf6 16. Kf1 Bxc3 17. Qxb7 0-0 18. Qxc6 Bxb2 19. Re1 Kg7 20. h4 Rac8 21. Qd6 Ba3 22. Qf4 Qc7 23. Qe3 Bc1 24. Qd3 Qc4 25. Qxc4 Rxc4 26. Re7 Ra4 27. Kg2 Bf4 28. h5 g5 29. Re2 Rc8 30. Rb1 Rac4 1/2-1/2

[Event "Baden Wuerttemberg-ch Seniors op 2nd"]
[Site "Freudenstadt"]
[Date "2016.07.07"]
[Round "7"]
[White "Pape, Manfred"]
[Black "Braeuner, Uwe"]
[Result "0-1"]
[WhiteElo "2074"]
[BlackElo "2164"]
[PlyCount "72"]
[EventDate "2016.07.01"]
[EventType "swiss"]
[EventRounds "9"]
[EventCountry "GER"]
[SourceTitle "EXT 2019"]
[Source "ChessBase"]
[SourceDate "2018.10.10"]
[SourceVersion "1"]
[SourceVersionDate "2018.10.10"]
[SourceQuality "1"]

1. Nf3 Nf6 2. g3 d5 3. Bg2 c6 4. d3 Bg4 5. Nbd2 Nbd7 6. c4 e6 7. 0-0 Bc5 8. a3 a5 9. b3 0-0 10. Bb2 Re8 11. Ra2 e5 12. cxd5 cxd5 13. h3 Bh5 14. g4 Bg6 15. Nh4 e4 16. Nxg6 hxg6 17. dxe4 dxe4 18. Nc4 Qe7 19. Bd4 b5 20. Bxc5 Nxc5 21. Ne3 Red8 22. Qb1 Rd4 23. Rd1 Rad8 24. Rxd4 Rxd4 25. a4 b4 26. Rc2 Ne6 27. Qc1 Nf4 28. Bf1 Qd6 29. Rc8+ Kh7 30. Qc5 Qxc5 31. Rxc5 N4d5 32. g5 Nxe3 33. fxe3 Rd5 34. Rxd5 Nxd5 35. Bg2 Nc3 36. Kf2 f5 0-1

[Event "Stuttgart-chA op"]
[Site "Ditzingen"]
[Date "2015.05.16"]
[Round "6"]
[White "Braeuner, Uwe"]
[Black "Bergauz, Noam"]
[Result "0-1"]
[WhiteElo "2185"]
[BlackElo "2296"]
[PlyCount "122"]
[EventDate "2015.05.14"]
[EventType "swiss"]
[EventRounds "7"]
[EventCountry "GER"]
[SourceTitle "EXT 2018"]
[Source "ChessBase"]
[SourceDate "2017.10.13"]
[SourceVersion "1"]
[SourceVersionDate "2017.10.13"]
[SourceQuality "1"]

1. e4 e6 2. d4 d5 3. Nc3 Bb4 4. exd5 exd5 5. Bd3 Ne7 6. Qh5 Nbc6 7. Nge2 Be6 8. 0-0 Qd7 9. a3 Bd6 10. Nb5 0-0-0 11. c3 f6 12. b4 g5 13. Qf3 Rdf8 14. a4 h6 15. a5 f5 16. Nxd6+ cxd6 17. b5 Nd8 18. Bc2 Qxb5 19. Ba3 Qa6 20. Rfe1 f4 21. Rab1 Rf6 22. Qd3 Qxd3 23. Bxd3 Kc7 24. Nc1 f3 25. gxf3 Rxf3 26. Rb2 Rhf8 27. Rbe2 Kd7 28. Bb5+ Nec6 29. a6 bxa6 30. Bxc6+ Kxc6 31. Rxe6 Nxe6 32. Rxe6 Rxc3 33. Rxd6+ Kb7 34. Rd7+ Kc8 35. Rxa7 Rxa3 36. Ra8+ Kd7 37. Rxf8 Ra1 38. Rf6 Rxc1+ 39. Kg2 Rc6 40. Rf7+ Ke6 41. Ra7 Kf5 42. Kf3 g4+ 43. Ke3 Rc3+ 44. Kd2 Ra3 45. Re7 Kf4 46. Re5 Ra5 47. Rh5 Ke4 48. Rxh6 Kxd4 49. Rh4 Ra2+ 50. Ke1 Kd3 51. Kf1 Ra4 52. h3 Ra1+ 53. Kg2 gxh3+ 54. Rxh3+ Kc4 55. Rh8 d4 56. Kf3 Kd3 57. Rh3 Ra4 58. Rh4 Kc2 59. Rh8 Ra3+ 60. Ke4 d3 61. Rh3 Ra4+ 0-1

[Event "Stuttgart-chA int"]
[Site "Ditzingen"]
[Date "2014.05.29"]
[Round "1"]
[White "Braeuner, Uwe"]
[Black "Litfin, Boris"]
[Result "1-0"]
[WhiteElo "2153"]
[BlackElo "1925"]
[PlyCount "136"]
[EventDate "2014.05.29"]
[EventType "swiss"]
[EventRounds "7"]
[EventCountry "GER"]
[SourceTitle "EXT 2015"]
[Source "ChessBase"]
[SourceDate "2014.11.20"]
[SourceVersion "1"]
[SourceVersionDate "2014.11.20"]
[SourceQuality "1"]

1. d4 c5 2. e4 cxd4 3. Nf3 Nc6 4. Nxd4 g6 5. Nc3 Bg7 6. Nb3 d6 7. Be2 Nf6 8. 0-0 0-0 9. Re1 a6 10. Bf1 b5 11. a4 b4 12. Nd5 Nxd5 13. exd5 Ne5 14. Nd4 a5 15. h3 Bb7 16. Nb5 Rc8 17. g3 Rc5 18. Bg2 Nc4 19. Rb1 Re8 20. b3 Nb6 21. Be3 Rc8 22. Re2 Ba6 23. Bd4 Bxd4 24. Qxd4 Nd7 25. Rbe1 Bxb5 26. axb5 Rc5 27. h4 Rxb5 28. h5 Rb8 29. h6 Nf6 30. g4 Qd7 31. g5 Qg4 32. Qxg4 Nxg4 33. Rxe7 Kf8 34. R7e4 Rxe4 35. Rxe4 Ne5 36. Kf1 Nd7 37. Ke2 Re8 38. Kd3 Rxe4 39. Kxe4 Ke7 40. Kd4 Nb6 41. Bh3 Kd8 42. f4 Ke7 43. f5 Kf8 44. fxg6 hxg6 45. Bf1 Kg8 46. Bb5 Kh7 47. Be2 Kg8 48. Bb5 Kh7 49. Be8 Kg8 50. Ke4 Nc8 51. Kd4 Nb6 52. h7+ Kh8 53. Bxf7 Kxh7 54. Be6 Kg7 55. c4 bxc3 56. Kxc3 Kf8 57. b4 axb4+ 58. Kxb4 Na8 59. Kb5 Nc7+ 60. Kc6 Ne8 61. Kd7 Ng7 62. Kxd6 Ke8 63. Ke5 Ke7 64. d6+ Kf8 65. Bg4 Kf7 66. d7 Ke7 67. Kd5 Kd8 68. Kd6 Nf5+ 1-0

[Event "Stuttgart-chA int"]
[Site "Ditzingen"]
[Date "2013.05.11"]
[Round "6"]
[White "Braeuner, Uwe"]
[Black "Bissbort, Julian"]
[Result "1-0"]
[WhiteElo "2152"]
[BlackElo "2034"]
[PlyCount "121"]
[EventDate "2013.05.09"]
[EventType "swiss"]
[EventRounds "7"]
[EventCountry "GER"]
[SourceTitle "EXT 2014"]
[Source "ChessBase"]
[SourceDate "2013.11.20"]
[SourceVersion "1"]
[SourceVersionDate "2013.11.20"]
[SourceQuality "1"]

1. d4 Nf6 2. Nf3 e6 3. Bg5 Be7 4. Nbd2 d5 5. e3 0-0 6. Bd3 b6 7. Qe2 a5 8. Ne5 Ba6 9. Bxa6 Nxa6 10. Nc6 Qd6 11. Nxe7+ Qxe7 12. 0-0 h6 13. Bh4 g5 14. Bg3 c5 15. c3 Nc7 16. f4 Ne4 17. Nxe4 dxe4 18. fxg5 hxg5 19. Bxc7 Qxc7 20. Rf6 Kg7 21. Raf1 Rh8 22. Rxf7+ Qxf7 23. Rxf7+ Kxf7 24. Qg4 cxd4 25. exd4 Rag8 26. Qxe4 g4 27. b3 Rh5 28. Qb7+ Kf6 29. Qxb6 Rf5 30. c4 Rf8 31. Qd6 Kg5 32. h3 R8f6 33. Qg3 Rf1+ 34. Kh2 R1f4 35. Qe3 Kh5 36. Kg3 gxh3 37. Kxh3 Rh4+ 38. Kg3 Rg4+ 39. Kh2 Rfg6 40. g3 Rf6 41. Kg2 Rg7 42. Qe5+ Kg6 43. Qxa5 Rgf7 44. Qd2 Rf5 45. b4 Rh7 46. a4 Rfh5 47. Qd3+ Kf6 48. a5 Rh2+ 49. Kf3 Rf7 50. a6 Ke7+ 51. Ke4 Rh1 52. Qe3 Ra1 53. b5 Rff1 54. Qg5+ Kd7 55. Qg7+ Ke8 56. Ke5 Rf7 57. Qg6 Kf8 58. Kd6 e5 59. dxe5 Raf1 60. b6 R1f6+ 61. Qxf6 1-0

[Event "Stuttgart-chA int"]
[Site "Ditzingen"]
[Date "2013.05.10"]
[Round "4"]
[White "Braeuner, Uwe"]
[Black "Gutman, Lev"]
[Result "1/2-1/2"]
[WhiteElo "2152"]
[BlackElo "2467"]
[PlyCount "129"]
[EventDate "2013.05.09"]
[EventType "swiss"]
[EventRounds "7"]
[EventCountry "GER"]
[SourceTitle "EXT 2014"]
[Source "ChessBase"]
[SourceDate "2013.11.20"]
[SourceVersion "1"]
[SourceVersionDate "2013.11.20"]
[SourceQuality "1"]

1. d4 Nf6 2. Nf3 g6 3. Nc3 d5 4. Bf4 c6 5. e3 Bg4 6. Be2 Bxf3 7. Bxf3 Bg7 8. 0-0 0-0 9. Qd2 a5 10. Rad1 Qb6 11. b3 Nbd7 12. e4 dxe4 13. Nxe4 Nxe4 14. Bxe4 Nf6 15. Bf3 Nd5 16. Bxd5 cxd5 17. Bh6 Rac8 18. Bxg7 Kxg7 19. Rfe1 Qc7 20. Rc1 e6 21. Re3 Qf4 22. c3 Rc6 23. g3 Qc7 24. a4 Rc8 25. h4 h5 26. Kg2 Qd6 27. Qb2 Kg8 28. Kh2 Rb8 29. Qe2 Rc7 30. Qb5 Qa6 31. Kg2 Rc6 32. Rb1 Rbc8 33. Qxa6 bxa6 34. b4 Rb8 35. Kf3 Kf8 36. Kf4 Ke7 37. Rd3 f6 38. Ke3 Rcb6 39. Rd2 axb4 40. a5 Rb5 41. Rdb2 b3 42. Ra1 e5 43. Ra3 Ke6 44. f3 Kf5 45. dxe5 fxe5 46. Ra4 Rc8 47. Kd3 e4+ 48. Kd2 Rc4 49. Ra3 exf3 50. Rbxb3 Rxb3 51. Rxb3 Re4 52. c4 Kg4 53. Rb6 Kxg3 54. Rxg6+ Rg4 55. Rxa6 Rxc4 56. Rg6+ Kf2 57. Rg5 Rc5 58. a6 Ra5 59. Rxh5 Rxa6 60. Rxd5 Re6 61. h5 Kf1 62. Rg5 f2 63. Rg6 Re5 64. h6 Rd5+ 65. Kc2 1/2-1/2

[Event "Oberliga Wuerttemberg 1213"]
[Site "Wuerttemberg"]
[Date "2013.03.24"]
[Round "8.6"]
[White "Krockenberger, Martin"]
[Black "Braeuner, Uwe"]
[Result "1/2-1/2"]
[WhiteElo "2135"]
[BlackElo "2171"]
[PlyCount "96"]
[EventDate "2012.09.30"]
[EventType "team-tourn"]
[EventRounds "9"]
[EventCountry "GER"]
[SourceTitle "EXT 2019"]
[Source "ChessBase"]
[SourceDate "2018.10.10"]
[SourceVersion "1"]
[SourceVersionDate "2018.10.10"]
[SourceQuality "1"]
[WhiteTeam "Schmiden Cannstatt"]
[BlackTeam "Pfullingen"]
[WhiteTeamCountry "GER"]
[BlackTeamCountry "GER"]

1. c4 Nf6 2. Nc3 e6 3. Nf3 b6 4. g3 Bb7 5. Bg2 Bb4 6. Qc2 c5 7. a3 Ba5 8. 0-0 Nc6 9. b3 0-0 10. Bb2 Bxc3 11. Qxc3 Qe7 12. Rfe1 d6 13. b4 Rad8 14. e3 e5 15. b5 Nb8 16. a4 Nbd7 17. d3 a5 18. bxa6 Bxa6 19. Nh4 g6 20. a5 Rb8 21. f4 bxa5 22. Rxa5 Rb6 23. Nf3 Rfb8 24. Ba1 Rb3 25. Qc2 Bc8 26. Ra7 R3b7 27. Ra3 Rb6 28. h3 Bb7 29. fxe5 Nxe5 30. Nxe5 dxe5 31. Ra7 Qd6 32. e4 Ra6 33. Rxa6 Bxa6 34. Rf1 Nd7 35. h4 f6 36. Bc3 Nf8 37. Rf2 Bc8 38. Bf1 Bg4 39. Qa2 Rb7 40. Kh2 Kg7 41. Rb2 Rf7 42. Qb1 Ne6 43. Rb6 Qd7 44. Qb5 Qa7 45. Ra6 Qb7 46. Rb6 Qa7 47. Ra6 Qb7 48. Rb6 Qa7 1/2-1/2

[Event "Stuttgart-chA int"]
[Site "Ditzingen"]
[Date "2012.05.18"]
[Round "4"]
[White "Braeuner, Uwe"]
[Black "Fahnenschmidt, Gerhard"]
[Result "0-1"]
[WhiteElo "2140"]
[BlackElo "2012"]
[PlyCount "93"]
[EventDate "2012.05.17"]
[EventType "swiss"]
[EventRounds "7"]
[EventCountry "GER"]
[SourceTitle "EXT 2018"]
[Source "ChessBase"]
[SourceDate "2017.10.13"]
[SourceVersion "1"]
[SourceVersionDate "2017.10.13"]
[SourceQuality "1"]

1. Nf3 Nf6 2. c4 c5 3. d4 cxd4 4. Nxd4 e5 5. Nb5 d6 6. g3 a6 7. N5c3 Be6 8. Bg2 Nc6 9. Nd5 Rc8 10. Nbc3 Be7 11. 0-0 0-0 12. Be3 Bxd5 13. cxd5 Nd4 14. Bxd4 exd4 15. Qxd4 Nd7 16. Rac1 Bf6 17. Qd2 Qa5 18. Bh3 Rc7 19. Ne4 Qxd2 20. Nxd2 Rxc1 21. Rxc1 Nc5 22. b4 Na4 23. Ne4 Bb2 24. Rc7 f5 25. Ng5 Nc3 26. Ne6 Nxd5 27. Rxg7+ Bxg7 28. Nxf8 Kxf8 29. Bxf5 Nxb4 30. a3 Nc6 31. Bxh7 b5 32. Be4 Na5 33. Kf1 Nc4 34. Bb7 a5 35. a4 bxa4 36. Bd5 Nd2+ 37. Ke1 Nb3 38. Kd1 Nc5 39. Kc2 a3 40. h4 a4 41. e3 Na6 42. e4 Nb4+ 43. Kb1 Bd4 44. f4 Bf2 45. g4 Bxh4 46. g5 Kg7 47. Be6 0-1

[Event "Oberliga Wuerttemberg 1112"]
[Site "Wuerttemberg"]
[Date "2012.02.05"]
[Round "6.8"]
[White "Braeuner, Uwe"]
[Black "Bauer, Manfred"]
[Result "1-0"]
[WhiteElo "2134"]
[BlackElo "2128"]
[PlyCount "63"]
[EventDate "2011.10.09"]
[EventType "team-tourn"]
[EventRounds "9"]
[EventCountry "GER"]
[SourceTitle "EXT 2019"]
[Source "ChessBase"]
[SourceDate "2018.10.10"]
[SourceVersion "1"]
[SourceVersionDate "2018.10.10"]
[SourceQuality "1"]
[WhiteTeam "Pfullingen"]
[BlackTeam "Schmiden Cannstatt"]
[WhiteTeamCountry "GER"]
[BlackTeamCountry "GER"]

1. Nf3 Nf6 2. b3 g6 3. Bb2 Bg7 4. g3 0-0 5. Bg2 d6 6. d4 Nbd7 7. c4 e5 8. dxe5 Ng4 9. 0-0 Ngxe5 10. Nc3 a6 11. Qd2 Rb8 12. Nd4 Re8 13. h3 Nf8 14. f4 Ned7 15. e4 Nc5 16. Rad1 Bd7 17. Kh2 b5 18. b4 Nce6 19. Nf3 h6 20. cxb5 Bxb5 21. Nxb5 Rxb5 22. Bxg7 Nxg7 23. a4 Rb6 24. Nd4 Nfe6 25. a5 Rb7 26. e5 Qc8 27. Bxb7 Qxb7 28. Nxe6 Rxe6 29. Rfe1 h5 30. Qc3 Nf5 31. exd6 Rxd6 32. Re8+ 1-0

[Event "Oberliga Wuerttemberg 1112"]
[Site "Wuerttemberg"]
[Date "2011.10.09"]
[Round "1.8"]
[White "Weber, Rainer"]
[Black "Braeuner, Uwe"]
[Result "0-1"]
[WhiteElo "2174"]
[BlackElo "2134"]
[PlyCount "120"]
[EventDate "2011.10.09"]
[EventType "team-tourn"]
[EventRounds "9"]
[EventCountry "GER"]
[SourceTitle "EXT 2019"]
[Source "ChessBase"]
[SourceDate "2018.10.10"]
[SourceVersion "1"]
[SourceVersionDate "2018.10.10"]
[SourceQuality "1"]
[WhiteTeam "Ebersbach"]
[BlackTeam "Pfullingen"]
[WhiteTeamCountry "GER"]
[BlackTeamCountry "GER"]

1. d4 Nf6 2. c4 e6 3. Nc3 Bb4 4. f3 c5 5. d5 Bxc3+ 6. bxc3 e5 7. e4 d6 8. Bd3 Nbd7 9. Ne2 Nf8 10. Be3 Ng6 11. Qd2 Bd7 12. Rb1 b6 13. Rb2 0-0 14. h4 Ne8 15. h5 Ne7 16. g4 Rb8 17. Ng3 a6 18. Qe2 Qc8 19. Nf5 Nxf5 20. gxf5 b5 21. cxb5 c4 22. Bc2 Rxb5 23. Rxb5 axb5 24. Qg2 Kh8 25. Rg1 Rg8 26. a3 Qa8 27. Bc1 Qa7 28. Kf1 f6 29. Qd2 Bc8 30. Bd1 Nc7 31. Qb2 Bd7 32. Qb4 Qb6 33. a4 Na6 34. Qb2 b4 35. Qg2 Be8 36. cxb4 Nxb4 37. Qb2 Qc5 38. Qe2 Nd3 39. Be3 Qb4 40. Bc2 Bxa4 41. Bxd3 cxd3 42. Qd2 Rb8 43. Kf2 Qb2 44. h6 gxh6 45. Bxh6 Qd4+ 46. Be3 Rb2 47. Bxd4 Rxd2+ 48. Ke3 Re2+ 49. Kxd3 Bb5+ 50. Kc3 exd4+ 51. Kxd4 Rb2 52. Ke3 Rb3+ 53. Kf2 Be8 54. f4 Bh5 55. Rc1 Rf3+ 56. Kg2 Rxf4 57. Rc6 Rxe4 58. Rxd6 Kg7 59. Rd7+ Bf7 60. d6 Re5 0-1

[Event "Stuttgart op"]
[Site "Gerlingen"]
[Date "2011.06.03"]
[Round "4"]
[White "Wagner, Florian"]
[Black "Braeuner, Uwe"]
[Result "1/2-1/2"]
[WhiteElo "2249"]
[BlackElo "2122"]
[PlyCount "78"]
[EventDate "2011.06.02"]
[EventType "swiss"]
[EventRounds "7"]
[EventCountry "GER"]
[SourceTitle "CBM 142 Extra"]
[Source "ChessBase"]
[SourceDate "2011.06.27"]
[SourceVersion "1"]
[SourceVersionDate "2011.06.27"]
[SourceQuality "1"]

1. e4 g6 2. d4 Bg7 3. Nc3 d6 4. h3 c6 5. a4 Nf6 6. g3 0-0 7. Bg2 e5 8. Be3 a5 9. Nge2 Na6 10. 0-0 Nb4 11. g4 d5 12. dxe5 Nxe4 13. Nxe4 dxe4 14. Qxd8 Rxd8 15. Bxe4 Bxe5 16. Rad1 Be6 17. c3 Nd5 18. Bd4 Bxd4 19. Nxd4 Nf4 20. Nxe6 fxe6 21. h4 Kf7 22. f3 h6 23. Kf2 Ke7 24. Rh1 e5 25. Rxd8 Rxd8 26. Ke3 Kf6 27. Bc2 Rd6 28. Rh2 b5 29. axb5 cxb5 30. Ke4 b4 31. g5+ hxg5 32. hxg5+ Kxg5 33. Kxe5 Rd5+ 34. Ke4 bxc3 35. bxc3 Rc5 36. Kd4 Ne6+ 37. Kd3 Nf4+ 38. Kd4 Ne6+ 39. Kd3 Nf4+ 1/2-1/2

[Event "Stuttgart-chA int"]
[Site "Gerlingen"]
[Date "2011.06.02"]
[Round "1"]
[White "Braeuner, Uwe"]
[Black "Rudhart, Michael"]
[Result "1-0"]
[WhiteElo "2122"]
[BlackElo "1905"]
[PlyCount "79"]
[EventDate "2011.06.02"]
[EventType "swiss"]
[EventRounds "7"]
[EventCountry "GER"]
[SourceTitle "EXT 2018"]
[Source "ChessBase"]
[SourceDate "2017.10.13"]
[SourceVersion "1"]
[SourceVersionDate "2017.10.13"]
[SourceQuality "1"]

1. d4 d5 2. Nf3 Nf6 3. Bf4 e6 4. e3 a6 5. Nbd2 Nbd7 6. Bd3 c5 7. c3 b5 8. 0-0 Bb7 9. Ne5 c4 10. Bc2 Be7 11. h3 0-0 12. Qb1 h6 13. Bh2 Nxe5 14. Bxe5 Ne8 15. Bh2 Bd6 16. Bxd6 Nxd6 17. f4 f5 18. Nf3 Ne4 19. Bxe4 fxe4 20. Ne5 Qd6 21. Qe1 Bc6 22. Qh4 Rab8 23. a3 a5 24. Rf2 Be8 25. Kh2 b4 26. axb4 axb4 27. Ra7 bxc3 28. bxc3 Qd8 29. Qg4 Qf6 30. Ra6 Rb3 31. Rxe6 Qd8 32. f5 Kh7 33. f6 gxf6 34. Qf5+ Kg7 35. Qg4+ Kh7 36. Qh4 Rb6 37. Rxb6 Qxb6 38. Ng4 f5 39. Qe7+ Kg8 40. Rb2 1-0

[Event "Stuttgart-ch"]
[Site "Stuttgart"]
[Date "2010.05.13"]
[Round "2"]
[White "Braeuner, Uwe"]
[Black "Donchenko, Anatoly G"]
[Result "1/2-1/2"]
[WhiteElo "2119"]
[BlackElo "2384"]
[PlyCount "29"]
[EventDate "2010.05.13"]
[EventType "swiss"]
[EventRounds "7"]
[EventCountry "GER"]
[SourceTitle "CBM 136 Extra"]
[Source "ChessBase"]
[SourceDate "2010.07.02"]
[SourceVersion "2"]
[SourceVersionDate "2010.07.15"]
[SourceQuality "1"]

1. d4 d5 2. Nf3 Nf6 3. c4 dxc4 4. e3 e6 5. Bxc4 c5 6. 0-0 a6 7. a4 Nc6 8. Nc3 Qc7 9. Qe2 Bd6 10. h3 0-0 11. Rd1 b6 12. d5 exd5 13. Nxd5 Nxd5 14. Bxd5 Bb7 15. b3 1/2-1/2

[Event "Oberliga Ost-B 0910"]
[Site "Germany"]
[Date "2010.04.10"]
[Round "10.3"]
[White "Braeuner, Uwe"]
[Black "Sieber, Stephan"]
[Result "1-0"]
[WhiteElo "2122"]
[BlackElo "2242"]
[PlyCount "59"]
[EventDate "2009.10.18"]
[EventType "team-tourn"]
[EventRounds "11"]
[EventCountry "GER"]
[SourceTitle "EXT 2011"]
[Source "ChessBase"]
[SourceDate "2010.11.26"]
[SourceVersion "1"]
[SourceVersionDate "2010.11.26"]
[SourceQuality "1"]
[WhiteTeam "Erfurt SK II"]
[BlackTeam "Erfurt Empor"]
[WhiteTeamCountry "GER"]
[BlackTeamCountry "GER"]

1. b3 e5 2. Bb2 Nc6 3. e3 d5 4. Bb5 Bd6 5. Nf3 f6 6. c4 dxc4 7. Bxc4 Bg4 8. h3 Bh5 9. g4 Bg6 10. Nh4 Qd7 11. Nxg6 hxg6 12. Qc2 Nge7 13. Nc3 0-0-0 14. 0-0-0 a6 15. Ne4 Nb4 16. Qb1 Qc6 17. Nxd6+ Rxd6 18. Bc3 Nbd5 19. Qc2 Nxc3 20. dxc3 Rhd8 21. e4 b5 22. Bf7 Rf8 23. Bd5 Nxd5 24. Rxd5 Rxd5 25. exd5 Qxd5 26. Rd1 Qf3 27. Qxg6 Qxc3+ 28. Kb1 Rd8 29. Qf5+ Kb7 30. Rxd8 1-0